Analýza sociálnych rizík informačných technológií u rôznych vekových skupín v rámci SR diplomová práca

Na minha lista:
Detalhes bibliográficos
Autor principal: Petrík, Martin
Autor Corporativo: Fakulta hospodárskej informatiky EU. Katedra aplikovanej informatiky
Outros Autores: Jurík, Pavol, 1987-
Formato: Livro
Idioma:eslovaco
Publicado em: Bratislava 2025
Tags: Adicionar Tag
Sem tags, seja o primeiro a adicionar uma tag!

MARC

LEADER 00000nbm a2200000 4500
001 0310643
005 20260218131007.4
041 0 |a slo 
044 |a SK 
245 1 0 |a Analýza sociálnych rizík informačných technológií u rôznych vekových skupín v rámci SR  |b diplomová práca  |c Martin Petrík ; školiteľ: Pavol Jurík 
264 1 |a Bratislava  |c 2025 
300 |a 95 s. 
100 1 |a Petrík, Martin 
700 1 |a Jurík, Pavol, 1987- 
710 2 |a Fakulta hospodárskej informatiky EU. Katedra aplikovanej informatiky